书目信息 |
| 题名: |
中华人民共和国劳动法
|
|
| 作者: | ||
| 分册: | ||
| 出版信息: | 北京 中国法制出版社 1994 |
|
| 页数: | 28页 | |
| 开本: | 19cm | |
| 丛书名: | ||
| 单 册: | ||
| 中图分类: | D922.509 | |
| 科图分类: | ||
| 主题词: | 劳动法--中国 , 工会法--中国 | |
| 电子资源: | ||
| ISBN: | 7-80083-215-5 | |
| 000 | 00698nam0 2200229 450 | |
| 001 | 0100520715 | |
| 005 | 20100707144459.0 | |
| 010 | @a7-80083-215-5@dCNY3.00 | |
| 011 | @a7-80083-215-5 | |
| 100 | @a20021005d1994 emky0chiy0110 ea | |
| 101 | 0 | @achi |
| 102 | @aCN@b110000 | |
| 105 | @ay n 000yy | |
| 106 | @ar | |
| 200 | 1 | @a中华人民共和国劳动法@a中华人民共和国工会法@9Zhong Hua Ren Min Gong He;Huo;Hu Guo Lao Dong Fa @9zhong hua ren min gong he guo gong hui fa@b专著 |
| 210 | @a北京@c中国法制出版社@d1994 | |
| 215 | @a28页@d19cm | |
| 606 | 0 | @a劳动法@y中国 |
| 606 | 0 | @a工会法@y中国 |
| 690 | @aD922.509@v3 | |
| 801 | 0 | @aCN@bAiZhiMarc@c19950625 |
| 905 | @aBZT@dD922.509@e2@f3@sD922.509/2 | |
| 中华人民共和国劳动法;中华人民共和国工会法.-北京:中国法制出版社,1994 |
| 28页;19cm |
| ISBN 7-80083-215-5:CNY3.00 |
| ● |
| 相关链接 |
|
|
|
正题名:中华人民共和国劳动法
索取号:D922.509/2
 
预约/预借
| 序号 | 登录号 | 条形码 | 馆藏地/架位号 | 状态 | 备注 |
| 1 | 2000042494 | 2000042494 | 旧书回溯/ [索取号:D922.509/2] | 在馆 | |
| 2 | 2000042495 | 2000042495 | 旧书回溯/ [索取号:D922.509/2] | 在馆 | |
| 3 | 2000042496 | 2000042496 | 旧书回溯/ [索取号:D922.509/2] | 在馆 |